00454nam a2200193 a 4500001001300000003000900013005001700022008003800039020001000077082001600087100002300103245001500126260001300141300000900154500003500163505001300198650002600211700002300237nice12345678IN_TiNIC20260116011621.0050524s1950 a grp 000 0 urd  ac10000a297.61bNAD aNadwi, Abdus Salam aImam Raazi abc1950 a390p aincludes index and biblioraphy2 aArchives aIslam-Biography-Ulama1 aNadwi, Abdus Salam